[Event "San Francisco TNM Winter op"]
[Site "San Francisco"]
[Date "2016.01.26"]
[Round "4"]
[White "Royzen, Igor"]
[Black "Dupree, Charles"]
[Result "1/2-1/2"]
[WhiteElo "1879"]
[BlackElo "1630"]
[PlyCount "61"]
[EventDate "2016.01.05"]
[EventType "swiss"]
[EventRounds "8"]
[EventCountry "USA"]
[SourceTitle "EXT 2018"]
[Source "ChessBase"]
[SourceDate "2017.10.13"]
[SourceVersion "1"]
[SourceVersionDate "2017.10.13"]
[SourceQuality "1"]

1. d4 Nf6 2. Bf4 e6 3. e3 c5 4. c3 b6 5. Nd2 Be7 6. Ngf3 Nc6 7. Bd3 Bb7 8. h3 d6 9. 0-0 0-0 10. a4 a6 11. Qe2 cxd4 12. exd4 Re8 13. Rad1 Qd7 14. Rfe1 h6 15. Ne4 Nxe4 16. Qxe4 Bf6 17. Qh7+ Kf8 18. d5 Ne7 19. Qh8+ Ng8 20. dxe6 Rxe6 21. Bh7 g5 22. Qxg8+ Ke7 23. Rxd6 Rxg8 24. Rxd7+ Kxd7 25. Bxg8 Bxf3 26. Rxe6 fxe6 27. Bxg5 Bxg5 28. gxf3 b5 29. axb5 axb5 30. Kf1 b4 31. cxb4 1/2-1/2

[Event "San Francisco TNM Summer op"]
[Site "San Francisco"]
[Date "2015.07.07"]
[Round "7"]
[White "Dupree, Charles"]
[Black "Senthilkumar, Pranav"]
[Result "0-1"]
[WhiteElo "1625"]
[BlackElo "1948"]
[PlyCount "48"]
[EventDate "2015.05.26"]
[EventType "swiss"]
[EventRounds "8"]
[EventCountry "USA"]
[SourceTitle "EXT 2016"]
[Source "ChessBase"]
[SourceDate "2015.10.08"]
[SourceVersion "1"]
[SourceVersionDate "2015.10.08"]
[SourceQuality "1"]

1. e4 c5 2. b4 cxb4 3. a3 e6 4. axb4 Bxb4 5. c3 Be7 6. d4 Nf6 7. e5 Nd5 8. Qg4 Bf8 9. Bd3 d6 10. f4 dxe5 11. fxe5 g6 12. Ne2 Bg7 13. Ba3 Ne7 14. Nd2 0-0 15. Nc4 Nbc6 16. Qf3 f6 17. Qg3 fxe5 18. dxe5 b5 19. Be4 Bd7 20. Bxc6 Bxc6 21. Rd1 Bd5 22. Nd6 Nc6 23. Nb7 Qb6 24. Bxf8 Rxf8 0-1

[Event "San Francisco Chernev Memorial"]
[Site "San Francisco"]
[Date "2008.09.23"]
[Round "8"]
[White "Sherwood, Peter"]
[Black "Dupree, Charles"]
[Result "0-1"]
[WhiteElo "1743"]
[BlackElo "1630"]
[PlyCount "22"]
[EventDate "2008.08.05"]
[EventType "swiss"]
[EventRounds "8"]
[EventCountry "USA"]
[SourceTitle "CBM 126 Extra"]
[Source "ChessBase"]
[SourceDate "2008.11.05"]
[SourceVersion "1"]
[SourceVersionDate "2008.11.05"]
[SourceQuality "1"]

1. e4 c5 2. Nf3 e6 3. d4 cxd4 4. Nxd4 a6 5. Bd3 Qc7 6. Nc3 Bb4 7. Bd2 Nc6 8. Nf3 Nf6 9. 0-0 0-0 10. Qe2 Ng4 11. Rac1 Nd4 0-1

[Event "San Francisco Chernev Memorial"]
[Site "San Francisco"]
[Date "2008.09.16"]
[Round "7"]
[White "Dupree, Charles"]
[Black "Starr, Albert Martin"]
[Result "1-0"]
[WhiteElo "1630"]
[BlackElo "1536"]
[PlyCount "75"]
[EventDate "2008.08.05"]
[EventType "swiss"]
[EventRounds "8"]
[EventCountry "USA"]
[SourceTitle "CBM 126 Extra"]
[Source "ChessBase"]
[SourceDate "2008.11.05"]
[SourceVersion "1"]
[SourceVersionDate "2008.11.05"]
[SourceQuality "1"]

1. e4 e6 2. d4 c5 3. d5 exd5 4. exd5 d6 5. Bd3 Nf6 6. c4 g6 7. Qe2+ Qe7 8. Bg5 Qxe2+ 9. Nxe2 Bg7 10. Nbc3 0-0 11. Nb5 Ne8 12. 0-0-0 f6 13. Bf4 a6 14. Nxd6 Nd7 15. h4 Ne5 16. Nxc8 Nxd3+ 17. Rxd3 Rxc8 18. d6 Rc6 19. d7 Re6 20. d8Q Rxe2 21. Be3 f5 22. Rd2 Rxd2 23. Qxd2 b6 24. Bh6 Nf6 25. Bxg7 Kxg7 26. Re1 Ne4 27. Qd7+ Rf7 28. Qc6 Nxf2 29. Re3 Ng4 30. Rd3 Ne5 31. Qd6 Nxd3+ 32. Qxd3 f4 33. b3 Kh6 34. Qd8 f3 35. gxf3 Rxf3 36. Qxb6 Kh5 37. Qd8 Rh3 38. Qg5# 1-0

[Event "San Francisco Chernev Memorial"]
[Site "San Francisco"]
[Date "2008.08.26"]
[Round "4"]
[White "Allen, Tom"]
[Black "Dupree, Charles"]
[Result "1-0"]
[WhiteElo "1529"]
[BlackElo "1630"]
[PlyCount "63"]
[EventDate "2008.08.05"]
[EventType "swiss"]
[EventRounds "8"]
[EventCountry "USA"]
[SourceTitle "CBM 126 Extra"]
[Source "ChessBase"]
[SourceDate "2008.11.05"]
[SourceVersion "1"]
[SourceVersionDate "2008.11.05"]
[SourceQuality "1"]

1. e4 c5 2. d4 e6 3. Nf3 cxd4 4. c3 dxc3 5. Nxc3 Nc6 6. Bc4 a6 7. 0-0 b5 8. Bb3 Nge7 9. e5 Ng6 10. Qe2 Qc7 11. Re1 Be7 12. Bd2 0-0 13. Rac1 Qb8 14. Bc2 d6 15. Bxg6 hxg6 16. Nd5 exd5 17. Rxc6 Bb7 18. Rc2 Rc8 19. Rxc8+ Qxc8 20. Rc1 Qd7 21. Bb4 Rc8 22. Re1 Rc4 23. exd6 Bf6 24. Qd2 Qc6 25. b3 Rc2 26. Qe3 Rxa2 27. Qe8+ Kh7 28. d7 Qc2 29. Rf1 Qxb3 30. Be7 Bc6 31. Bxf6 Bxd7 32. Ng5+ 1-0

[Event "San Francisco Chernev Memorial"]
[Site "San Francisco"]
[Date "2008.08.20"]
[Round "3"]
[White "Dupree, Charles"]
[Black "Manvelyan, Hayk"]
[Result "0-1"]
[WhiteElo "1630"]
[BlackElo "1874"]
[PlyCount "100"]
[EventDate "2008.08.05"]
[EventType "swiss"]
[EventRounds "8"]
[EventCountry "USA"]
[SourceTitle "CBM 126 Extra"]
[Source "ChessBase"]
[SourceDate "2008.11.05"]
[SourceVersion "1"]
[SourceVersionDate "2008.11.05"]
[SourceQuality "1"]

1. e4 e6 2. d4 d5 3. Nd2 c5 4. exd5 Qxd5 5. Bc4 Qxd4 6. Ngf3 Qd6 7. 0-0 Nf6 8. Qe2 Be7 9. Ne4 Nxe4 10. Qxe4 Qc6 11. Qd3 Nd7 12. Rd1 a6 13. a4 b6 14. Bg5 Bb7 15. Qe3 Nf6 16. Bf1 Nd5 17. Qe4 f6 18. Bh4 Nc7 19. Qg4 Kf7 20. Qh5+ g6 21. Qh6 Ne8 22. b3 Qc7 23. Rd3 Ng7 24. Bg3 Qc8 25. Rad1 Nf5 26. Qh3 Bd5 27. Nh4 Nxg3 28. Qxg3 Qb7 29. Re3 Rad8 30. Bd3 Rhg8 31. Rde1 e5 32. f4 Bd6 33. Qf2 exf4 34. Rh3 Be5 35. Qe2 Rde8 36. Qf1 Bd4+ 37. Kh1 Rxe1 38. Qxe1 f5 39. Qf1 Be3 40. Bxa6 Qe7 41. Bc4 Qe6 42. Bxd5 Qxd5 43. Nf3 h5 44. Ne1 Qd1 45. Rf3 Re8 46. Nd3 Qxc2 47. Nxf4 Bxf4 48. Rxf4 Qxb3 49. g4 hxg4 50. Rxg4 Rd8 0-1

[Event "San Francisco TNM Spring op"]
[Site "San Francisco"]
[Date "2006.04.18"]
[Round "4"]
[White "Dupree, Charles"]
[Black "Mar, Henry"]
[Result "1-0"]
[WhiteElo "1721"]
[BlackElo "1537"]
[PlyCount "91"]
[EventDate "2006.03.28"]
[EventType "swiss"]
[EventRounds "8"]
[EventCountry "USA"]
[SourceTitle "EXT 2007"]
[Source "ChessBase"]
[SourceDate "2006.11.23"]
[SourceVersion "1"]
[SourceVersionDate "2006.11.23"]
[SourceQuality "1"]

1. e4 e6 2. d4 d5 3. Nd2 Nf6 4. e5 Nfd7 5. Bd3 c5 6. c3 c4 7. Bc2 b5 8. a3 Nc6 9. f4 Ne7 10. Ne2 Nf5 11. Nf3 Be7 12. Bd2 Nh4 13. 0-0 0-0 14. Kh1 f5 15. exf6 Bxf6 16. g4 Nxf3 17. Rxf3 g6 18. Ng3 Bg7 19. Qg1 Nf6 20. h3 Bb7 21. Qg2 Ne4 22. Re1 Qd7 23. Nxe4 dxe4 24. Bxe4 Bxe4 25. Rxe4 Qc6 26. Qe2 Rae8 27. Be1 Bh6 28. Bg3 Bg7 29. Kg1 Qb6 30. Rfe3 Bh6 31. g5 Bg7 32. Rxe6 Rxe6 33. Rxe6 Bxd4+ 34. cxd4 Qxd4+ 35. Kh2 a5 36. Re7 c3 37. bxc3 Qxc3 38. Qe6+ Kh8 39. Qe5+ Qxe5 40. Rxe5 Rb8 41. Bf2 b4 42. axb4 axb4 43. Bd4 Kg8 44. Re7 Rf8 45. Rg7+ Kh8 46. Rxg6+ 1-0

[Event "San Francisco TNM Spring op"]
[Site "San Francisco"]
[Date "2006.04.11"]
[Round "3"]
[White "Shankland, Samuel L"]
[Black "Dupree, Charles"]
[Result "1-0"]
[WhiteElo "2106"]
[BlackElo "1721"]
[PlyCount "29"]
[EventDate "2006.03.28"]
[EventType "swiss"]
[EventRounds "8"]
[EventCountry "USA"]
[SourceTitle "EXT 2007"]
[Source "ChessBase"]
[SourceDate "2006.11.23"]
[SourceVersion "1"]
[SourceVersionDate "2006.11.23"]
[SourceQuality "1"]

1. e4 c5 2. Nc3 e6 3. Nge2 Nc6 4. g3 d5 5. exd5 exd5 6. Bg2 Nf6 7. d4 Bg4 8. h3 cxd4 9. hxg4 dxc3 10. Nxc3 Qe7+ 11. Kf1 0-0-0 12. g5 Ne8 13. Nxd5 Qe5 14. Qg4+ Kb8 15. Bf4 1-0

[Event "San Francisco TNM Spring op"]
[Site "San Francisco"]
[Date "2006.04.04"]
[Round "2"]
[White "Dupree, Charles"]
[Black "Carcar, Alex"]
[Result "1-0"]
[WhiteElo "1721"]
[BlackElo "1304"]
[PlyCount "141"]
[EventDate "2006.03.28"]
[EventType "swiss"]
[EventRounds "8"]
[EventCountry "USA"]
[SourceTitle "EXT 2007"]
[Source "ChessBase"]
[SourceDate "2006.11.23"]
[SourceVersion "1"]
[SourceVersionDate "2006.11.23"]
[SourceQuality "1"]

1. e4 c5 2. b4 cxb4 3. a3 e6 4. axb4 Bxb4 5. c3 Be7 6. d4 b6 7. Na3 Bb7 8. Bd3 Nf6 9. Qe2 Qc8 10. Bd2 0-0 11. Nf3 Qc6 12. Ne5 Qa4 13. 0-0 Bxa3 14. Bb5 Qc2 15. Bd3 Ba6 16. c4 Qb2 17. Nf3 Nc6 18. Rfb1 Nxd4 19. Nxd4 Qxd4 20. Rxa3 Bb7 21. e5 Ng4 22. Bc2 Nxe5 23. Rh3 Ng6 24. Qh5 h6 25. Bc3 Qc5 26. Bxg6 fxg6 27. Qxc5 bxc5 28. Rxb7 Rab8 29. Rxb8 Rxb8 30. Kf1 d5 31. Rf3 d4 32. Bd2 e5 33. Ra3 Rb7 34. Ra5 Rc7 35. Bc1 Kf7 36. Ba3 Ke6 37. Rxc5 Rxc5 38. Bxc5 a5 39. Ke2 g5 40. Kd3 g6 41. g4 a4 42. f3 h5 43. h3 Kd7 44. Bb4 Ke6 45. Ke4 h4 46. Kd3 Kd7 47. Kc2 Kc6 48. Kb2 d3 49. Kc3 e4 50. fxe4 d2 51. Kxd2 Kd7 52. e5 Ke6 53. Bd6 a3 54. Kc3 a2 55. Kb2 a1Q+ 56. Kxa1 Kd7 57. Kb2 Kc6 58. Kc3 Kd7 59. Kb4 Kc6 60. Be7 Kd7 61. Bxg5 Ke6 62. Kc5 Kxe5 63. Kc6 Ke6 64. c5 Kf7 65. Kd7 Kf8 66. c6 Kg7 67. c7 Kf7 68. c8Q Kg7 69. Ke7 Kh7 70. Kf8 Kh8 71. Kf7+ 1-0

[Event "San Francisco TNM Winter op"]
[Site "San Francisco"]
[Date "2006.02.28"]
[Round "7"]
[White "Guarino, Robert"]
[Black "Dupree, Charles"]
[Result "0-1"]
[WhiteElo "1587"]
[BlackElo "1772"]
[PlyCount "74"]
[EventDate "2006.01.10"]
[EventType "swiss"]
[EventRounds "7"]
[EventCountry "USA"]
[SourceTitle "EXT 2007"]
[Source "ChessBase"]
[SourceDate "2006.11.23"]
[SourceVersion "1"]
[SourceVersionDate "2006.11.23"]
[SourceQuality "1"]

1. e4 c5 2. Nc3 e6 3. Bc4 Nc6 4. f4 a6 5. a4 Be7 6. Nf3 Bh4+ 7. g3 Be7 8. d3 d6 9. Qe2 Nf6 10. Bd2 0-0 11. Qg2 d5 12. exd5 exd5 13. Ba2 Re8 14. 0-0 Be6 15. Ne5 Rc8 16. Nxc6 Rxc6 17. f5 Bd7 18. Nxd5 Qc8 19. g4 Bf8 20. g5 Nxd5 21. Qxd5 Re7 22. Rae1 Be8 23. Rxe7 Bxe7 24. Re1 Bf8 25. Bc3 Rd6 26. Qe5 Bxa4 27. Re2 Bd7 28. Rf2 b5 29. f6 g6 30. h4 b4 31. Bd2 Rd4 32. Qh2 Bd6 33. Bf4 Rxf4 34. Rxf4 Qc7 35. Qe2 Bxf4 36. Qe7 Bh2+ 37. Kf1 Qf4+ 0-1

[Event "San Francisco MI Fall op"]
[Site "San Francisco"]
[Date "2005.12.13"]
[Round "7"]
[White "Chan, John"]
[Black "Dupree, Charles"]
[Result "1-0"]
[WhiteElo "1613"]
[BlackElo "1848"]
[PlyCount "51"]
[EventDate "2005.11.08"]
[EventType "swiss"]
[EventRounds "8"]
[EventCountry "USA"]
[SourceTitle "EXT 2007"]
[Source "ChessBase"]
[SourceDate "2006.11.23"]
[SourceVersion "1"]
[SourceVersionDate "2006.11.23"]
[SourceQuality "1"]

1. c4 Nf6 2. Nc3 e6 3. d4 Bb4 4. Qc2 b6 5. a3 Bxc3+ 6. bxc3 Bb7 7. f3 Nc6 8. e4 d6 9. Bg5 h6 10. Bh4 e5 11. d5 Na5 12. Bd3 Ba6 13. Qa2 g5 14. Bf2 Qd7 15. Rb1 g4 16. Rb2 0-0-0 17. Bh4 Qe7 18. fxg4 Rdg8 19. Rf2 Rg6 20. h3 Nb7 21. Ne2 Nc5 22. Qc2 Kb8 23. Rhf1 Ncd7 24. Ng3 h5 25. Nxh5 Rxh5 26. gxh5 1-0

[Event "San Francisco Hurt Memorial U1800"]
[Site "San Francisco"]
[Date "2005.12.10"]
[Round "1"]
[White "Yamamoto, Craig"]
[Black "Dupree, Charles"]
[Result "1-0"]
[WhiteElo "1524"]
[BlackElo "1772"]
[PlyCount "63"]
[EventDate "2005.12.10"]
[EventType "swiss"]
[EventRounds "6"]
[EventCountry "USA"]
[SourceTitle "EXT 2024"]
[Source "ChessBase"]
[SourceDate "2023.10.10"]
[SourceVersion "1"]
[SourceVersionDate "2023.10.10"]
[SourceQuality "1"]

1. e4 c5 2. d4 cxd4 3. c3 d3 4. Bxd3 e6 5. Nf3 Nc6 6. 0-0 Qc7 7. Nbd2 Nf6 8. Nb3 b6 9. Bg5 Bb7 10. Qe2 h6 11. Bh4 Nh5 12. Qe3 g5 13. Bg3 Nxg3 14. fxg3 Bc5 15. Nxc5 bxc5 16. Qxc5 g4 17. Nd4 a6 18. Nxc6 Bxc6 19. e5 Rg8 20. Be4 Rg5 21. Bxc6 dxc6 22. Rae1 Rd8 23. Rf6 Rd5 24. Qb4 Rdxe5 25. Ref1 Rb5 26. Qa3 Qb6+ 27. Kh1 Rg7 28. Rxe6+ fxe6 29. Qf8+ Kd7 30. Qxg7+ Kd6 31. Qf8+ Kd5 32. Rd1+ 1-0

[Event "San Francisco MI Fall op"]
[Site "San Francisco"]
[Date "2005.12.06"]
[Round "6"]
[White "Dupree, Charles"]
[Black "Sherwood, Peter"]
[Result "0-1"]
[WhiteElo "1848"]
[BlackElo "1711"]
[PlyCount "160"]
[EventDate "2005.11.08"]
[EventType "swiss"]
[EventRounds "8"]
[EventCountry "USA"]
[SourceTitle "EXT 2007"]
[Source "ChessBase"]
[SourceDate "2006.11.23"]
[SourceVersion "1"]
[SourceVersionDate "2006.11.23"]
[SourceQuality "1"]

1. e4 e6 2. b3 Nf6 3. Bb2 Nxe4 4. Nc3 Nf6 5. g4 Nc6 6. g5 Nd5 7. Nxd5 exd5 8. h4 Qe7+ 9. Qe2 Qxe2+ 10. Nxe2 d6 11. Bg2 Ne7 12. Nf4 c6 13. 0-0-0 Bf5 14. h5 h6 15. gxh6 Rxh6 16. Rde1 Kd7 17. Re3 Ng8 18. Bh3 Bxh3 19. Rhxh3 Nf6 20. Kd1 Be7 21. Reg3 Rh7 22. Rg1 Ne4 23. Ke2 Bf6 24. Bc1 Re8 25. Kf1 Reh8 26. Rgh1 Ng5 27. R3h2 Be5 28. d3 Ne6 29. Nxe6 Bxh2 30. Ng5 Rxh5 31. Nxf7 Be5 32. Rg1 Rg8 33. Nxe5+ dxe5 34. Ke2 Ke6 35. Rg6+ Kf7 36. Rd6 Re8 37. Rd7+ Re7 38. Rd8 Ke6 39. Ba3 Rd7 40. Re8+ Kf7 41. Rf8+ Kg6 42. Re8 Rf5 43. Bc5 a6 44. Be3 Rdf7 45. c3 Rf8 46. Re7 R5f7 47. Re6+ Kf5 48. Rd6 Rf6 49. Rd7 R8f7 50. Rd8 Ke6 51. Re8+ Kd6 52. Rd8+ Kc7 53. Rg8 g6 54. b4 b6 55. Ra8 Kb7 56. Re8 Rf5 57. Re6 g5 58. Rg6 Kc7 59. a3 Kd7 60. Rxg5 Rxg5 61. Bxg5 b5 62. Be3 Ke6 63. Bc5 Kf5 64. Be3 Rh7 65. Bd2 Rh1 66. Be1 Kg4 67. Kd1 Kf3 68. Kd2 Rh3 69. Kd1 Rh7 70. Kd2 Ra7 71. Kd1 a5 72. Kd2 axb4 73. axb4 Ra2+ 74. Kd1 Rb2 75. Kc1 Ra2 76. Kd1 Kg2 77. d4 e4 78. Kc1 Kf1 79. Bd2 Kxf2 80. Bg5 e3 0-1

[Event "San Francisco Summer TNM"]
[Site "San Francisco"]
[Date "2005.06.28"]
[Round "3"]
[White "Dupree, Charles"]
[Black "Regan, Jack"]
[Result "1-0"]
[WhiteElo "1896"]
[BlackElo "1513"]
[PlyCount "39"]
[EventDate "2005.06.14"]
[EventType "swiss"]
[EventRounds "8"]
[EventCountry "USA"]
[SourceTitle "EXT 2007"]
[Source "ChessBase"]
[SourceDate "2006.11.23"]
[SourceVersion "1"]
[SourceVersionDate "2006.11.23"]
[SourceQuality "1"]

1. e4 c6 2. f4 d5 3. e5 Qc7 4. d4 b6 5. Be3 Nh6 6. h3 g6 7. Nf3 f6 8. Bd3 Ba6 9. 0-0 Bxd3 10. Qxd3 Nf5 11. Nbd2 Nxe3 12. Qxe3 fxe5 13. fxe5 Nd7 14. Ng5 Bh6 15. Qf4 0-0-0 16. Qh4 Bxg5 17. Qxg5 Nf8 18. Rf7 Ne6 19. Qg4 Rd7 20. Qxe6 1-0